[Event "KAERNTNER SCHACHSOMMER 2013 22. int. Op"]
[Site "Feffernitz"]
[Date "2013.08.20"]
[Round "4"]
[White "Jandke, Manfred"]
[Black "Poletti, Fausto"]
[Result "1-0"]
[WhiteElo "2095"]
[BlackElo "1899"]
[PlyCount "67"]
[EventDate "2013.08.18"]
[EventRounds "9"]
[EventCountry "AUT"]
[SourceDate "2005.09.12"]

1. Nf3 Nf6 2. g3 g6 3. Bg2 Bg7 4. O-O O-O 5. d4 d6 6. c4 Nc6 7. Nc3 e5 8. d5
Na5 9. Nd2 b6 10. b4 Nb7 11. Bb2 a5 12. a3 Bd7 13. Nb3 axb4 14. axb4 Rxa1 15.
Qxa1 Qa8 16. Nb5 Bxb5 17. cxb5 Rb8 18. Qa6 Nd8 19. Ra1 Qb7 20. e4 Kf8 21. f4
Ne8 22. Bh3 Ke7 23. Nc1 exf4 24. Bxg7 Nxg7 25. gxf4 f5 26. Qxb7 Rxb7 27. Ne2
Nf7 28. Nd4 Kf6 29. Ra8 Nh5 30. exf5 Nxf4 31. Bg4 g5 32. Nc6 h5 33. Bd1 Nd3 34.
Bxh5 1-0

[Event "KAERNTNER SCHACHSOMMER 2013 22. int. Op"]
[Site "Feffernitz"]
[Date "2013.08.20"]
[Round "4"]
[White "Pregl, Walter"]
[Black "Dieli, Riccardo"]
[Result "1-0"]
[WhiteElo "2042"]
[BlackElo "1853"]
[PlyCount "64"]
[EventDate "2013.08.18"]
[EventRounds "9"]
[EventCountry "AUT"]
[SourceDate "2005.09.12"]

1. e4 c5 2. Nc3 Nc6 3. f4 g6 4. Nf3 Bg7 5. Bc4 e6 6. d3 Na5 7. Bb3 a6 8. O-O
Nxb3 9. axb3 Ne7 10. Qe1 O-O 11. Be3 b6 12. e5 Bb7 13. Ne4 Bxe4 14. dxe4 d5 15.
Rd1 Qc7 16. Bf2 dxe4 17. Ng5 Nd5 18. Qxe4 Rad8 19. Nf3 Bh6 20. Bh4 Rd7 21. g3
b5 22. c4 bxc4 23. bxc4 Nb4 24. g4 Rb8 25. Bg3 Nc6 26. Rxd7 Qxd7 27. Rf2 Bf8
28. Rd2 Qb7 29. Kf2 a5 30. f5 exf5 31. gxf5 Nb4 32. Qh4 Rc8 1-0

[Event "KAERNTNER SCHACHSOMMER 2013 22. int. Op"]
[Site "Feffernitz"]
[Date "2013.08.20"]
[Round "4"]
[White "Baierlein, Martin"]
[Black "Kahl, Christoph"]
[Result "1-0"]
[WhiteElo "2032"]
[BlackElo "1741"]
[PlyCount "47"]
[EventDate "2013.08.18"]
[EventRounds "9"]
[EventCountry "AUT"]
[SourceDate "2005.09.12"]

1. d4 Nf6 2. Nf3 d5 3. g3 e6 4. Bg2 Be7 5. O-O O-O 6. c4 c6 7. Nc3 Nbd7 8. a4
dxc4 9. e4 h6 10. Qe2 b6 11. Qxc4 Bb7 12. Rd1 Rb8 13. Bf4 Rc8 14. Rac1 Qe8 15.
Qb3 c5 16. d5 c4 17. Qa2 exd5 18. exd5 Nh7 19. Nb5 Ndf6 20. d6 Bd8 21. d7 Nxd7
22. Re1 Be7 23. Nd6 Qd8 24. Nxb7 1-0

[Event "KAERNTNER SCHACHSOMMER 2013 22. int. Op"]
[Site "Feffernitz"]
[Date "2013.08.20"]
[Round "4"]
[White "Eisenbeiser, Karlheinz"]
[Black "Martin, Marcel"]
[Result "1-0"]
[WhiteElo "2000"]
[BlackElo "1452"]
[PlyCount "105"]
[EventDate "2013.08.18"]
[EventRounds "9"]
[EventCountry "AUT"]
[SourceDate "2005.09.12"]

1. c4 e5 2. Nc3 Nc6 3. g3 Nf6 4. Bg2 Bc5 5. e3 O-O 6. Nge2 Re8 7. d3 d6 8. h3
Be6 9. O-O Bf5 10. e4 Be6 11. Kh2 h6 12. f4 Nd4 13. f5 Bd7 14. Nxd4 Bxd4 15. g4
Nh7 16. Ne2 Bb6 17. Qe1 a5 18. Ng1 Bxg1+ 19. Rxg1 b5 20. h4 bxc4 21. dxc4 f6
22. a4 c5 23. Bf3 Rf8 24. Bd2 Be8 25. b3 Rf7 26. Rg3 Rb7 27. Bd1 Rbb8 28. Bc2
Bf7 29. Rd1 Ra6 30. Rd3 Rb7 31. Be3 Rc6 32. Qd2 Rd7 33. Rg1 g5 34. fxg6 Bxg6
35. Rc3 f5 36. Bf2 fxe4 37. Qd5+ Rf7 38. Bg3 Rc8 39. Qd1 Nf6 40. h5 Bh7 41. Bh4
Qd7 42. g5 hxg5 43. Rxg5+ Kf8 44. Rcg3 Bf5 45. Qg1 Rc7 46. Rg8+ Ke7 47. h6 Ke6
48. R8g7 Qe8 49. R3g6 Bxg6 50. Qxg6 Qf8 51. Bxe4 Rxg7 52. Bf5+ Ke7 53. hxg7 1-0

[Event "KAERNTNER SCHACHSOMMER 2013 22. int. Op"]
[Site "Feffernitz"]
[Date "2013.08.20"]
[Round "4"]
[White "Zauchner, Markus"]
[Black "Fitzke, Ulrich"]
[Result "1/2-1/2"]
[WhiteElo "1814"]
[BlackElo "1992"]
[PlyCount "106"]
[EventDate "2013.08.18"]
[EventRounds "9"]
[EventCountry "AUT"]
[SourceDate "2005.09.12"]

1. e4 c5 2. Nf3 Nc6 3. d4 cxd4 4. Nxd4 d6 5. Nc3 g6 6. Be2 Bg7 7. Be3 Nf6 8.
O-O O-O 9. Nb3 a6 10. f4 e6 11. Bf3 Qc7 12. Qd2 b5 13. Rad1 Rd8 14. Qf2 Rb8 15.
e5 Ne8 16. exd6 Rxd6 17. f5 Rxd1 18. Rxd1 Ne5 19. fxg6 Nxf3+ 20. Qxf3 hxg6 21.
Nc5 Bf8 22. b4 Bb7 23. Qg4 Nf6 24. Qg5 Bg7 25. Bf4 Qc8 26. Bxb8 Qxb8 27. N3e4
Bxe4 28. Nxe4 Nd5 29. Nc5 Bf6 30. Qd2 Bc3 31. Qf2 Bxb4 32. Nxa6 Qf8 33. Nxb4
Qxb4 34. Rf1 Qe7 35. Rb1 b4 36. Qd4 Qc7 37. Qf2 Qc4 38. Rf1 Qc7 39. h3 Nc3 40.
Ra1 Qe5 41. Re1 Qd5 42. Rf1 Qd7 43. Qc5 Nxa2 44. Ra1 Nc3 45. Qxb4 Ne2+ 46. Kh1
Ng3+ 47. Kh2 Qc7 48. Kg1 Ne2+ 49. Kf1 Qxc2 50. Qe1 Nf4 51. Ra8+ Kh7 52. Qh4+
Nh5 53. Kg1 Qc1+ 1/2-1/2

[Event "KAERNTNER SCHACHSOMMER 2013 22. int. Op"]
[Site "Feffernitz"]
[Date "2013.08.20"]
[Round "4"]
[White "Martin, Heinz"]
[Black "Schuhmacher, Jakob"]
[Result "0-1"]
[WhiteElo "1789"]
[BlackElo "1990"]
[PlyCount "88"]
[EventDate "2013.08.18"]
[EventRounds "9"]
[EventCountry "AUT"]
[SourceDate "2005.09.12"]

1. d4 Nf6 2. Bg5 Ne4 3. Bf4 c5 4. f3 Qa5+ 5. c3 Nf6 6. Nd2 cxd4 7. Nb3 Qb6 8.
Qxd4 Nc6 9. Qxb6 axb6 10. Be3 b5 11. Bd2 Ne5 12. Nd4 Nc4 13. Nxb5 Kd8 14. Bc1
d5 15. e4 Na5 16. Be3 Nb3 17. Bb6+ Kd7 18. Nd4 Nxd4 19. Bxd4 dxe4 20. Bb5+ Kc7
21. Be5+ Kb6 22. a4 Bf5 23. Bd4+ Kc7 24. Be5+ Kc8 25. fxe4 Nxe4 26. Nf3 f6 27.
Bd4 e5 28. Bb6 Bc5 29. Bxc5 Nxc5 30. O-O Bd3 31. Bxd3 Nxd3 32. b4 Rd8 33. a5
Rd7 34. Nd2 Nxb4 35. Nc4 Nd5 36. Rfd1 Kc7 37. Kf1 Ra6 38. Kf2 Rc6 39. Nb6 Nxb6
40. axb6+ Rxb6 41. Rxd7+ Kxd7 42. Rd1+ Rd6 43. Ra1 Rd2+ 44. Kf3 Rd3+ 0-1

[Event "KAERNTNER SCHACHSOMMER 2013 22. int. Op"]
[Site "Feffernitz"]
[Date "2013.08.20"]
[Round "4"]
[White "Wiesinger, Johann"]
[Black "Koefeler, Christian"]
[Result "0-1"]
[WhiteElo "1862"]
[BlackElo "2015"]
[PlyCount "164"]
[EventDate "2013.08.18"]
[EventRounds "9"]
[EventCountry "AUT"]
[SourceDate "2005.09.12"]

1. e4 e5 2. Nf3 Nc6 3. Bb5 a6 4. Ba4 Nf6 5. O-O Be7 6. Re1 b5 7. Bb3 O-O 8. h3
Bb7 9. c3 d5 10. exd5 Nxd5 11. Nxe5 Nxe5 12. Rxe5 Nf4 13. d4 Nxg2 14. d5 Bf6
15. Re4 Nh4 16. c4 bxc4 17. Bxc4 Bc8 18. Bf1 Bf5 19. Re3 Qd7 20. Qb3 Bg5 21.
Rc3 Bxc1 22. Rxc1 Be4 23. Nd2 Bxd5 24. Qg3 Bxa2 25. Rd1 Nf5 26. Qg5 Be6 27. Ne4
Qe7 28. Bxa6 Rab8 29. Rd2 Rb4 30. f3 Qxg5+ 31. Nxg5 Nd4 32. Rf2 h6 33. Nxe6
fxe6 34. Kg2 Ra8 35. Ra3 Nb5 36. Bxb5 Rxa3 37. bxa3 Rxb5 38. Rc2 c5 39. Kf2 Kf7
40. a4 Ra5 41. Ke2 Rxa4 42. Rxc5 Rh4 43. Rc7+ Kf6 44. Rc8 Rxh3 45. Rf8+ Ke7 46.
Rb8 g5 47. Rb7+ Kf6 48. Rb8 Rh2+ 49. Ke3 h5 50. Rf8+ Ke5 51. Rg8 Rg2 52. Rh8 h4
53. Rh5 Kf5 54. Rh8 Ra2 55. Rf8+ Ke5 56. Rh8 Ra3+ 57. Kf2 Ra4 58. Ke3 Ra3+ 59.
Kf2 Ra7 60. Rf8 Rh7 61. Kg2 Rh6 62. Rg8 Kf5 63. Rf8+ Rf6 64. Rg8 Kf4 65. Rg7
Rf5 66. Re7 e5 67. Re6 Ke3 68. Re7 Kf4 69. Re6 g4 70. fxg4 Kxg4 71. Re7 h3+ 72.
Kg1 Rh5 73. Kh2 Kf4 74. Rf7+ Ke3 75. Re7 e4 76. Re8 Kf3 77. Rf8+ Ke2 78. Re8 e3
79. Re7 Kf2 80. Rf7+ Ke1 81. Re7 e2 82. Re8 Rf5 0-1

[Event "KAERNTNER SCHACHSOMMER 2013 22. int. Op"]
[Site "Feffernitz"]
[Date "2013.08.20"]
[Round "4"]
[White "Barucco, Mattia"]
[Black "Cattaneo, Ugo"]
[Result "1/2-1/2"]
[WhiteElo "2006"]
[BlackElo "1839"]
[PlyCount "29"]
[EventDate "2013.08.18"]
[EventRounds "9"]
[EventCountry "AUT"]
[SourceDate "2005.09.12"]

1. e4 e5 2. Nf3 Nc6 3. Bc4 Bc5 4. c3 Nf6 5. d3 d6 6. Bb3 O-O 7. Bg5 h6 8. Bh4
g5 9. Bg3 Ne7 10. O-O Ng6 11. d4 exd4 12. cxd4 Bb6 13. Nc3 Bg4 14. d5 Nh5 15.
h3 1/2-1/2

[Event "KAERNTNER SCHACHSOMMER 2013 22. int. Op"]
[Site "Feffernitz"]
[Date "2013.08.20"]
[Round "4"]
[White "Raschun, Gerhard"]
[Black "Belikan, Thomas"]
[Result "1-0"]
[WhiteElo "1983"]
[BlackElo "1819"]
[PlyCount "101"]
[EventDate "2013.08.18"]
[EventRounds "9"]
[EventCountry "AUT"]
[SourceDate "2005.09.12"]

1. e4 e6 2. d4 d5 3. e5 c5 4. c3 Qb6 5. Nf3 Nc6 6. Bd3 Nh6 7. O-O cxd4 8. cxd4
Nf5 9. Bxf5 exf5 10. Nc3 Be6 11. a3 a5 12. Qa4 Be7 13. b4 O-O 14. b5 Nb8 15.
Qb3 Qd8 16. a4 b6 17. Bd2 Qd7 18. Rac1 Rc8 19. Ng5 Ra7 20. Nxe6 fxe6 21. Ne2
Rac7 22. Rc3 Rxc3 23. Bxc3 Rc4 24. Rc1 Qc8 25. Bd2 Rxc1+ 26. Bxc1 Nd7 27. g3
Kf7 28. h4 g6 29. Be3 Nf8 30. Qd1 Qc4 31. Kg2 Nd7 32. Kh2 Nf8 33. Nf4 Nd7 34.
Nh3 Nf8 35. Bh6 Qc3 36. Nf4 Qc4 37. Nh3 Qc3 38. h5 Qc4 39. Bg5 Bb4 40. Nf4 Ba3
41. Bd8 Nd7 42. Kg2 Qc1 43. hxg6+ hxg6 44. Qd3 Bf8 45. Bg5 Bg7 46. Nxe6 Qa1 47.
Nf4 Nf8 48. Nxd5 Ne6 49. Be3 Qxa4 50. Nxb6 Qa2 51. d5 1-0

[Event "KAERNTNER SCHACHSOMMER 2013 22. int. Op"]
[Site "Feffernitz"]
[Date "2013.08.21"]
[Round "5"]
[White "Malakhatko, Vadim"]
[Black "Zozulia, Anna"]
[Result "1-0"]
[WhiteElo "2525"]
[BlackElo "2316"]
[PlyCount "103"]
[EventDate "2013.08.18"]
[EventRounds "9"]
[EventCountry "AUT"]
[SourceDate "2005.09.12"]

1. d4 d6 2. Nf3 Nf6 3. c4 g6 4. Nc3 Bg7 5. e4 O-O 6. Be2 Bg4 7. Be3 Nfd7 8. Rc1
a5 9. O-O e5 10. d5 Bxf3 11. Bxf3 Na6 12. a3 f5 13. Rb1 Nf6 14. b4 axb4 15.
axb4 b6 16. Rb3 Qd7 17. Qb1 f4 18. Bd2 g5 19. Be2 g4 20. f3 gxf3 21. Rxf3 Nb8
22. c5 bxc5 23. bxc5 dxc5 24. Rb7 Na6 25. Bb5 Qd8 26. Na4 Ne8 27. Bxa6 Rxa6 28.
Nxc5 Rg6 29. Rb8 Qd6 30. Ne6 Rxe6 31. dxe6 Qxe6 32. Bb4 Nd6 33. Bxd6 Qxd6 34.
Qb3+ Kh8 35. Rxf8+ Bxf8 36. Rd3 Qc5+ 37. Kf1 Bd6 38. g3 Kg7 39. gxf4 exf4 40.
Qc3+ Qxc3 41. Rxc3 Kf6 42. Kf2 Kg5 43. Kf3 Kg6 44. Rc2 Kf6 45. Rg2 Be5 46. h4
c5 47. Rg5 c4 48. Rh5 c3 49. Rf5+ Ke6 50. Ke2 Kd6 51. Kd3 Ke6 52. h5 1-0

[Event "KAERNTNER SCHACHSOMMER 2013 22. int. Op"]
[Site "Feffernitz"]
[Date "2013.08.21"]
[Round "5"]
[White "Stopa, Jacek"]
[Black "Eisenbeiser, Amadeus"]
[Result "1-0"]
[WhiteElo "2491"]
[BlackElo "2336"]
[PlyCount "115"]
[EventDate "2013.08.18"]
[EventRounds "9"]
[EventCountry "AUT"]
[SourceDate "2005.09.12"]

1. Nf3 d6 2. d4 g6 3. e4 Bg7 4. Bd3 a6 5. O-O Nd7 6. Re1 e6 7. c3 Ne7 8. Nbd2
b6 9. Nf1 Bb7 10. Be3 O-O 11. Qd2 Re8 12. Rad1 f5 13. Bg5 Nf6 14. Ng3 Qd7 15.
e5 Bxf3 16. gxf3 Nh5 17. Nxh5 gxh5 18. Qe2 d5 19. f4 Ng6 20. Qxh5 Qf7 21. Be2
h6 22. Bxh6 Bxh6 23. Qxh6 Qg7 24. Qxg7+ Kxg7 25. Bh5 Rh8 26. Bxg6 Kxg6 27. Re3
Rh4 28. Rg3+ Kf7 29. Rdd3 Rxf4 30. Rh3 Rg4+ 31. Rdg3 Rag8 32. Kg2 R4g7 33. Kf3
Rxg3+ 34. hxg3 Kg7 35. Kf4 Kg6 36. g4 fxg4 37. Kxg4 Kf7+ 38. Kf4 Rg7 39. a4 a5
40. b4 Ke7 41. bxa5 bxa5 42. Rg3 Rf7+ 43. Ke3 Rh7 44. Rg8 Rh1 45. Rg7+ Kd8 46.
Kf4 Rf1 47. f3 Rf2 48. Rh7 Rg2 49. Rh3 Rg8 50. Rg3 Rf8+ 51. Kg4 Ke7 52. f4 Rf7
53. Kf3 Kf8 54. Rg5 Rh7 55. f5 exf5 56. Rxf5+ Ke7 57. Kf4 Rh2 58. Kg5 1-0

[Event "KAERNTNER SCHACHSOMMER 2013 22. int. Op"]
[Site "Feffernitz"]
[Date "2013.08.21"]
[Round "5"]
[White "Mazi, Leon"]
[Black "Strobel, Matthias"]
[Result "1/2-1/2"]
[WhiteElo "2368"]
[BlackElo "2096"]
[PlyCount "164"]
[EventDate "2013.08.18"]
[EventRounds "9"]
[EventCountry "AUT"]
[SourceDate "2005.09.12"]

1. e4 c6 2. d4 d5 3. Nc3 dxe4 4. Nxe4 Nf6 5. Nxf6+ exf6 6. c3 Bd6 7. Bd3 Qe7+
8. Ne2 Bg4 9. h3 Bh5 10. Qc2 Bg6 11. O-O Qc7 12. Bxg6 hxg6 13. Qe4+ Kf8 14. Bf4
Nd7 15. Rfe1 Re8 16. Qf3 Rh4 17. g4 g5 18. Bxd6+ Qxd6 19. Kg2 Qd5 20. Ng1 Re6
21. b3 Ke7 22. c4 Qxf3+ 23. Nxf3 Rh8 24. Kg3 g6 25. h4 gxh4+ 26. Nxh4 Nf8 27.
Ng2 Kd6 28. Ne3 Nd7 29. Rad1 Kc7 30. Rd2 a5 31. Rc1 b6 32. Rcd1 Rd6 33. d5 Nc5
34. Kf3 Rh3+ 35. Kg2 Rh4 36. dxc6 Rxd2 37. Rxd2 Kxc6 38. Rd8 Ne6 39. Rb8 Kc7
40. Ra8 Nf4+ 41. Kf3 Ne6 42. Ra7+ Kc6 43. Kg3 Rh7 44. Nd5 f5 45. gxf5 gxf5 46.
Ra6 f4+ 47. Kg2 Kc5 48. Rxb6 Nd4 49. Ra6 Rg7+ 50. Kh3 Ne2 51. Rf6 Ng1+ 52. Kh4
f3 53. Ne3 Rh7+ 54. Kg3 Rh3+ 55. Kf4 Rh2 56. Ng4 Rh3 57. Rf5+ Kb6 58. Ke3 Ne2
59. a3 Nc3 60. b4 axb4 61. axb4 Rh4 62. Kxf3 Rh3+ 63. Kg2 Rh7 64. Ne3 Ne2 65.
Rf6+ Kb7 66. Kf3 Nc3 67. b5 Rh3+ 68. Kg2 Rh7 69. Rd6 Ne4 70. Rc6 Nc3 71. c5
Rg7+ 72. Kf3 Rg6 73. Rxg6 fxg6 74. b6 Na4 75. Nc4 Nxc5 76. Kg4 Kc6 77. f3 Kb5
78. Ne5 Kxb6 79. Nxg6 Kc6 80. Kf5 Kd6 81. Kf6 Nd3 82. Kf5 Ne1 1/2-1/2

[Event "KAERNTNER SCHACHSOMMER 2013 22. int. Op"]
[Site "Feffernitz"]
[Date "2013.08.21"]
[Round "5"]
[White "Pregl, Walter"]
[Black "Kesik, Klaus-Dieter"]
[Result "0-1"]
[WhiteElo "2042"]
[BlackElo "2233"]
[PlyCount "94"]
[EventDate "2013.08.18"]
[EventRounds "9"]
[EventCountry "AUT"]
[SourceDate "2005.09.12"]

1. e4 Nf6 2. e5 Nd5 3. c4 Nb6 4. c5 Nd5 5. Bc4 e6 6. d4 d6 7. cxd6 cxd6 8. exd6
Bxd6 9. Nf3 Nd7 10. O-O O-O 11. Bg5 Bxh2+ 12. Kxh2 Qc7+ 13. Kg1 Qxc4 14. Na3
Qb4 15. Qd2 Qxd2 16. Bxd2 N7b6 17. Rac1 Bd7 18. Ne5 Rfc8 19. Nxd7 Nxd7 20. Nb5
Rxc1 21. Rxc1 Kf8 22. Nd6 Rb8 23. Kf1 N7b6 24. b3 Ke7 25. Ne4 Nc8 26. Ke2 Nd6
27. Nxd6 Kxd6 28. Kd3 Kd7 29. g4 h6 30. Rh1 Ke7 31. Rc1 Rf8 32. Rc5 Rh8 33. Rc1
Rf8 34. Rc5 Kd7 35. f4 Rc8 36. Rxc8 Kxc8 37. a4 Kd7 38. Ke2 Kd6 39. Kf3 f5 40.
g5 hxg5 41. fxg5 g6 42. Be1 Nb6 43. Bg3+ Kd5 44. Ke3 Nc8 45. Bf4 Ne7 46. Kd3
Nc6 47. Be3 Na5 0-1

[Event "KAERNTNER SCHACHSOMMER 2013 22. int. Op"]
[Site "Feffernitz"]
[Date "2013.08.21"]
[Round "5"]
[White "Baierlein, Martin"]
[Black "Manhardt, Thomas"]
[Result "0-1"]
[WhiteElo "2032"]
[BlackElo "2217"]
[PlyCount "99"]
[EventDate "2013.08.18"]
[EventRounds "9"]
[EventCountry "AUT"]
[SourceDate "2005.09.12"]

1. d4 f5 2. Nf3 Nf6 3. g3 g6 4. Bg2 Bg7 5. O-O O-O 6. c4 d6 7. Nc3 Nc6 8. d5
Ne5 9. Qb3 Nfd7 10. Be3 h6 11. Nb5 Nxf3+ 12. exf3 a6 13. Nd4 Nc5 14. Qd1 e5 15.
dxe6 Nxe6 16. Rc1 Qf6 17. Nxe6 Bxe6 18. b3 Rad8 19. f4 c6 20. Bb6 Rd7 21. Re1
d5 22. Qe2 Bf7 23. Qd3 Re8 24. Rxe8+ Bxe8 25. cxd5 Bf7 26. Rd1 Bxd5 27. Bxd5+
Rxd5 28. Qc4 Qe6 29. Kg2 Kf7 30. Rd3 Rxd3 31. Qxd3 Qd5+ 32. Qf3 Qxf3+ 33. Kxf3
Ke6 34. Ke3 Kd5 35. Kd3 c5 36. Ba5 b5 37. f3 Bd4 38. Bd8 Bg1 39. h3 c4+ 40.
bxc4+ bxc4+ 41. Kc3 Bf2 42. g4 Be1+ 43. Kc2 Bb4 44. Bb6 Bc5 45. Ba5 Bd6 46. Bd2
Kd4 47. Bc1 c3 48. a3 Bc5 49. a4 a5 50. h4 0-1

[Event "KAERNTNER SCHACHSOMMER 2013 22. int. Op"]
[Site "Feffernitz"]
[Date "2013.08.21"]
[Round "5"]
[White "Eisenbeiser, Karlheinz"]
[Black "Kosmac, Blaz"]
[Result "1/2-1/2"]
[WhiteElo "2000"]
[BlackElo "2209"]
[PlyCount "84"]
[EventDate "2013.08.18"]
[EventRounds "9"]
[EventCountry "AUT"]
[SourceDate "2005.09.12"]

1. e4 e5 2. Bc4 Nf6 3. d3 c6 4. Nf3 d6 5. h3 Be7 6. a4 O-O 7. O-O Nbd7 8. Nc3
b6 9. d4 a6 10. d5 c5 11. Re1 Ne8 12. Nh2 Bg5 13. Be3 g6 14. Qd2 Bxe3 15. Qxe3
f5 16. exf5 gxf5 17. f4 e4 18. g4 Ndf6 19. gxf5 Bxf5 20. Kh1 Kh8 21. Rg1 Ng7
22. Ne2 b5 23. Ba2 Qd7 24. h4 Bg6 25. Rg5 Nf5 26. Qh3 e3 27. h5 Ne4 28. Ng4
Nxg5 29. fxg5 Nd4 30. hxg6 Nxe2 31. Qxh7+ Qxh7+ 32. gxh7 Ng3+ 33. Kg2 e2 34.
Nf6 Nf5 35. Re1 Ne3+ 36. Kf3 Nxc2 37. Rxe2 Nb4 38. Bb1 Rxf6+ 39. gxf6 Nxd5 40.
Rd2 Nxf6 41. Rxd6 Nxh7 42. axb5 axb5 1/2-1/2

[Event "KAERNTNER SCHACHSOMMER 2013 22. int. Op"]
[Site "Feffernitz"]
[Date "2013.08.21"]
[Round "5"]
[White "Knaller, Christoph"]
[Black "Praznik, Anton"]
[Result "0-1"]
[WhiteElo "2005"]
[BlackElo "2154"]
[PlyCount "74"]
[EventDate "2013.08.18"]
[EventRounds "9"]
[EventCountry "AUT"]
[SourceDate "2005.09.12"]

1. e4 d6 2. c4 g6 3. d4 Bg7 4. Nc3 Nf6 5. Nf3 O-O 6. Be2 e5 7. Be3 Na6 8. O-O
Ng4 9. Bg5 Qe8 10. h3 f6 11. hxg4 fxg5 12. dxe5 dxe5 13. c5 Nxc5 14. Qd5+ Ne6
15. Nxg5 c6 16. Qb3 Kh8 17. Nxe6 Qxe6 18. Qc2 Qe7 19. Rad1 Be6 20. a3 Rad8 21.
Rxd8 Rxd8 22. Na4 Rd4 23. Nc5 Bc8 24. b4 Bf8 25. Nb3 Rd8 26. Rd1 Kg7 27. g3
Rxd1+ 28. Bxd1 Qf6 29. Kg2 Bd6 30. Be2 Bc7 31. Qd2 Qd6 32. Qc3 Qf6 33. Qd2 h6
34. f3 Qd6 35. Qc3 Kh7 36. Kf2 Bd8 37. Qc5 Bb6 0-1

[Event "KAERNTNER SCHACHSOMMER 2013 22. int. Op"]
[Site "Feffernitz"]
[Date "2013.08.21"]
[Round "5"]
[White "Schuhmacher, Jakob"]
[Black "Eulering, Georg"]
[Result "1/2-1/2"]
[WhiteElo "1990"]
[BlackElo "2137"]
[PlyCount "24"]
[EventDate "2013.08.18"]
[EventRounds "9"]
[EventCountry "AUT"]
[SourceDate "2005.09.12"]

1. d4 Nf6 2. c4 e6 3. Nf3 Bb4+ 4. Bd2 c5 5. Bxb4 cxb4 6. e3 b6 7. Nbd2 Bb7 8.
Bd3 O-O 9. O-O d6 10. Qc2 Qe7 11. Ne4 Nbd7 12. Nxf6+ Nxf6 1/2-1/2

[Event "KAERNTNER SCHACHSOMMER 2013 22. int. Op"]
[Site "Feffernitz"]
[Date "2013.08.21"]
[Round "5"]
[White "Hofer, Christian"]
[Black "Arztmann, Wolfgang"]
[Result "1/2-1/2"]
[WhiteElo "1898"]
[BlackElo "2193"]
[PlyCount "25"]
[EventDate "2013.08.18"]
[EventRounds "9"]
[EventCountry "AUT"]
[SourceDate "2005.09.12"]

1. d4 c5 2. d5 Nf6 3. Nc3 e5 4. dxe6 fxe6 5. e4 Nc6 6. Bg5 Be7 7. Nf3 d6 8. Qd2
O-O 9. Be2 a6 10. a4 Rb8 11. O-O Bd7 12. Rfd1 Be8 13. Bc4 1/2-1/2

[Event "KAERNTNER SCHACHSOMMER 2013 22. int. Op"]
[Site "Feffernitz"]
[Date "2013.08.21"]
[Round "5"]
[White "Becker, Matthias"]
[Black "Raschun, Gerhard"]
[Result "1-0"]
[WhiteElo "2152"]
[BlackElo "1983"]
[PlyCount "72"]
[EventDate "2013.08.18"]
[EventRounds "9"]
[EventCountry "AUT"]
[SourceDate "2005.09.12"]

1. e4 e6 2. d4 d5 3. Nc3 Nf6 4. Bg5 Be7 5. e5 Nfd7 6. h4 h6 7. Be3 c5 8. Qg4
Nxe5 9. dxe5 d4 10. Qxg7 Rf8 11. O-O-O Qa5 12. Bxd4 cxd4 13. Rxd4 Bd7 14. Rd1
Nc6 15. Bb5 a6 16. Bxc6 Bxc6 17. Rh3 b5 18. Kb1 b4 19. Nce2 Rc8 20. Nf4 Be4 21.
Nd3 Qc7 22. Rd2 a5 23. Re3 Bd5 24. Nf4 Bxa2+ 25. Kxa2 Qc4+ 26. b3 Qxf4 27. g3
Qf5 28. g4 Qf4 29. Nh3 Qh2 30. Qh7 Qh1 31. f3 Qf1 32. Qd3 Qxd3 33. Rexd3 Bxh4
34. Nf4 Bg5 35. Nh5 Rd8 36. f4 Be7 1-0

[Event "KAERNTNER SCHACHSOMMER 2013 22. int. Op"]
[Site "Feffernitz"]
[Date "2013.08.21"]
[Round "5"]
[White "Trampitsch, Hannes"]
[Black "Kock, Hans-Uwe"]
[Result "1/2-1/2"]
[WhiteElo "2037"]
[BlackElo "1980"]
[PlyCount "47"]
[EventDate "2013.08.18"]
[EventRounds "9"]
[EventCountry "AUT"]
[SourceDate "2005.09.12"]

1. e4 c6 2. d3 d5 3. Nd2 g6 4. Ngf3 Bg7 5. Be2 e6 6. O-O Nd7 7. c3 Ne7 8. Qc2
O-O 9. Re1 b6 10. Nf1 Ba6 11. Ne3 Qc7 12. h3 Rfd8 13. exd5 cxd5 14. d4 Bxe2 15.
Qxe2 Nf6 16. Ng4 Nxg4 17. hxg4 Nc6 18. g3 Bf8 19. Kg2 Re8 20. Bf4 Bd6 21. Qd2
Bxf4 22. gxf4 f6 23. g5 f5 24. Ne5 1/2-1/2

[Event "KAERNTNER SCHACHSOMMER 2013 22. int. Op"]
[Site "Feffernitz"]
[Date "2013.08.21"]
[Round "5"]
[White "Koefeler, Christian"]
[Black "Zauchner, Markus"]
[Result "1/2-1/2"]
[WhiteElo "2015"]
[BlackElo "1814"]
[PlyCount "52"]
[EventDate "2013.08.18"]
[EventRounds "9"]
[EventCountry "AUT"]
[SourceDate "2005.09.12"]

1. d4 d5 2. e3 Nf6 3. Bd3 Bg4 4. Nf3 Nbd7 5. c4 e5 6. dxe5 Nxe5 7. Be2 Bxf3 8.
gxf3 Nxc4 9. Bxc4 dxc4 10. Qa4+ Qd7 11. Qxc4 O-O-O 12. Nc3 Nd5 13. Nxd5 Qxd5
14. Qxd5 Rxd5 15. Bd2 Bd6 16. Bc3 Be5 17. Bxe5 Rxe5 18. Rd1 Rd8 19. Rg1 g6 20.
Rg4 Rh5 21. h4 Rhd5 22. Rxd5 Rxd5 23. Ke2 Kd7 24. Rf4 Ke6 25. Re4+ Kf6 26. Rc4
c6 1/2-1/2

[Event "KAERNTNER SCHACHSOMMER 2013 22. int. Op"]
[Site "Feffernitz"]
[Date "2013.08.21"]
[Round "5"]
[White "Fitzke, Ulrich"]
[Black "Laustsen, Karl-Johan"]
[Result "1/2-1/2"]
[WhiteElo "1992"]
[BlackElo "1893"]
[PlyCount "116"]
[EventDate "2013.08.18"]
[EventRounds "9"]
[EventCountry "AUT"]
[SourceDate "2005.09.12"]

1. d4 Nf6 2. c4 e6 3. Nc3 Bb4 4. Bd2 O-O 5. Nf3 b6 6. e3 Bb7 7. Bd3 Be7 8. O-O
d6 9. Qe2 Nbd7 10. Rac1 e5 11. dxe5 Bxf3 12. Qxf3 Nxe5 13. Qe2 Nxd3 14. Qxd3
Nd7 15. Nd5 Bg5 16. Bc3 Bf6 17. Rfd1 Bxc3 18. Qxc3 a5 19. Rd4 f5 20. e4 fxe4
21. Rxe4 Nf6 22. Re7 Rf7 23. Nxf6+ gxf6 24. Qg3+ Kf8 25. Re6 Rg7 26. Qf3 Rf7
27. Rce1 Rc8 28. R1e4 f5 29. Rf4 Qd7 30. Re1 Re8 31. Rxe8+ Qxe8 32. Kf1 Kg8 33.
Rxf5 Rxf5 34. Qxf5 Qe7 35. b3 Kg7 36. g3 Qe8 37. Qg5+ Kh8 38. Qf6+ Kg8 39. Qf5
Kg7 40. h4 Qa8 41. f3 Qe8 42. Kf2 Qc6 43. g4 a4 44. g5 axb3 45. axb3 Qe8 46.
Qf6+ Kg8 47. h5 Qxh5 48. Qd8+ Kg7 49. Qxc7+ Kg8 50. Qxd6 Qxg5 51. Qg3 Qxg3+ 52.
Kxg3 Kf7 53. b4 Ke6 54. c5 bxc5 55. bxc5 Kd5 56. Kf4 Kxc5 57. Ke5 h5 58. f4 h4
1/2-1/2

[Event "KAERNTNER SCHACHSOMMER 2013 22. int. Op"]
[Site "Feffernitz"]
[Date "2013.08.21"]
[Round "5"]
[White "Pacher, Simon"]
[Black "Cattaneo, Ugo"]
[Result "1/2-1/2"]
[WhiteElo "2056"]
[BlackElo "1839"]
[PlyCount "45"]
[EventDate "2013.08.18"]
[EventRounds "9"]
[EventCountry "AUT"]
[SourceDate "2005.09.12"]

1. e4 e5 2. Nf3 Nc6 3. Bb5 Bc5 4. c3 Nf6 5. d3 d6 6. h3 O-O 7. Bg5 Qe7 8. Qe2
h6 9. Bh4 Nd8 10. Bc4 Ne6 11. Bxe6 Qxe6 12. g4 g5 13. Bg3 Kg7 14. Nbd2 a5 15.
Nc4 b5 16. Ne3 Bxe3 17. fxe3 Bb7 18. O-O Rh8 19. Rf2 Kg6 20. Raf1 Nd7 21. b3
Rh7 22. Nd2 f6 23. Rf5 1/2-1/2

[Event "KAERNTNER SCHACHSOMMER 2013 22. int. Op"]
[Site "Feffernitz"]
[Date "2013.08.21"]
[Round "5"]
[White "Kummer, Heinz"]
[Black "Barucco, Mattia"]
[Result "0-1"]
[WhiteElo "1782"]
[BlackElo "2006"]
[PlyCount "90"]
[EventDate "2013.08.18"]
[EventRounds "9"]
[EventCountry "AUT"]
[SourceDate "2005.09.12"]

1. e4 e6 2. d4 d5 3. Nc3 Nf6 4. Bg5 Bb4 5. e5 h6 6. Bd2 Bxc3 7. bxc3 Ne4 8. Bd3
Nxd2 9. Qxd2 c5 10. Bf1 Nc6 11. Ne2 Qa5 12. g3 Bd7 13. Bg2 Rc8 14. Rd1 cxd4 15.
cxd4 Qxa2 16. O-O Qa5 17. c3 Qc7 18. Rb1 Na5 19. Rfc1 Nc4 20. Qa2 a6 21. Nf4
Bc6 22. Nd3 O-O 23. Nf4 Qe7 24. Bf1 Bb5 25. Rb4 Rc7 26. Bg2 Rd8 27. Qc2 Nb6 28.
Qd1 Rdc8 29. Rc2 Rxc3 30. Rxc3 Rxc3 31. Bf1 Bxf1 32. Rxb6 Bb5 33. Ne2 Bxe2 34.
Qxe2 Qc7 35. Qb2 Rc1+ 36. Kg2 Qc4 37. Rxb7 Qf1+ 38. Kf3 Qh1+ 39. Kg4 Qe4+ 40.
Kh3 Qf5+ 41. Kg2 Rc2 42. Rb8+ Kh7 43. Qb1 Qxf2+ 44. Kh3 Qxh2+ 45. Kg4 h5+ 0-1